Leadership a období změn
Manažment a leadership. Základné rozdiely. Štyri imperatívy výnimočného lídra.
Enregistré dans:
| Auteur principal: | |
|---|---|
| Format: | Chapitre de livre |
| Langue: | tchèque |
| Sujets: | |
| Tags: |
Pas de tags, Soyez le premier à ajouter un tag!
|
MARC
| LEADER | 00000naa a2200000 4500 | ||
|---|---|---|---|
| 001 | 0199765 | ||
| 005 | 20221019175614.4 | ||
| 041 | 0 | |a cze | |
| 044 | |a SK | ||
| 245 | 1 | 0 | |a Leadership a období změn |c Milan Michalko |
| 520 | |a Manažment a leadership. Základné rozdiely. Štyri imperatívy výnimočného lídra. | ||
| 610 | 2 | 0 | |a konkurencieschopnosť |
| 610 | 2 | 0 | |a riadenie zmien |
| 610 | 2 | 0 | |a vodcovstvo |
| 610 | 2 | 0 | |a riadenie ľudských zdrojov |
| 100 | 1 | |a Michalko, Milan | |